[Event "Barranquilla op 12"]
[Site "Barranquilla"]
[Date "2011.12.29"]
[Round "5"]
[White "Almanza, Samid"]
[Black "Ojeda, Jesus David"]
[Result "0-1"]
[WhiteElo "1601"]
[BlackElo "2062"]
[PlyCount "82"]
[EventDate "2011.12.28"]
[EventType "swiss"]
[EventRounds "7"]
[EventCountry "COL"]
[SourceTitle "CBM 146 Extra"]
[Source "ChessBase"]
[SourceDate "2012.02.29"]
[SourceVersion "1"]
[SourceVersionDate "2012.02.29"]
[SourceQuality "1"]

1. e4 c6 2. d4 d5 3. exd5 cxd5 4. c4 Nc6 5. Nc3 Nf6 6. Be3 Bf5 7. a3 dxc4 8. Bxc4 e6 9. Nf3 Rc8 10. Bd3 Bg4 11. Be2 a6 12. Ne5 Bxe2 13. Nxc6 Bxd1 14. Nxd8 Kxd8 15. Rxd1 Bxa3 16. Bg5 Bxb2 17. Ne4 Bc3+ 18. Ke2 Ke7 19. Rb1 b5 20. Rhd1 Rc4 21. Nc5 Ra8 22. Ke3 Bxd4+ 23. Rxd4 Rxc5 24. Rbd1 Rxg5 25. g3 Rd5 26. Rc1 Rxd4 27. Kxd4 Rd8+ 28. Ke3 Nd5+ 29. Ke2 b4 30. Kd2 Nb6+ 31. Kc2 Rc8+ 32. Kb2 Rxc1 33. Kxc1 a5 34. Kb2 a4 35. f4 Nc4+ 36. Ka2 b3+ 37. Kb1 a3 38. Ka1 Nd2 39. h3 b2+ 40. Ka2 b1Q+ 41. Kxa3 Qb3# 0-1